Movie Trivia: Directors' Best & Worst Films (According to IMDb) - Statistics

General Stats
  • This quiz has been taken 341 times
  • The average score is 10 of 33
Answer Stats
Hint Answer % Correct
Alfred Hitchcock Psycho
88%
Francis Ford Coppola The Godfather
82%
Christopher Nolan The Dark Knight
77%
Steven Spielberg Schindler's List
76%
Stanley Kubrick The Shining
68%
Sofia Coppola Lost in Translation
64%
Kathryn Bigelow The Hurt Locker
62%
Kurosawa Akira Seven Samurai
60%
Alfonso Cuarón Gravity
54%
Alfred Hitchcock Rear Window
54%
Stanley Kubrick Dr. Strangelove or: How I Learned to Stop Worrying and Love the Bomb
48%
Christopher Nolan Insomnia
35%
Jean-Pierre Jeunet Amélie
29%
Stanley Kubrick Paths of Glory
28%
John Singleton Boyz n the Hood
27%
Mary Harron American Psycho
20%
Antoine Fuqua Training Day
20%
Steven Spielberg 1941
19%
Stanley Kubrick Fear and Desire
17%
Sofia Coppola The Bling Ring
16%
Agnès Varda Cleo from 5 to 7
14%
Jean-Pierre Jeunet Alien: Resurrection
13%
Penny Marshall Awakenings
5%
Kathryn Bigelow Blue Steel
5%
Alfonso Cuarón Great Expectations
3%
John Singleton Abduction
2%
Alfred Hitchcock Juno and the Paycock
2%
Kurosawa Akira The Most Beautiful
1%
Mary Harron The Moth Diaries
1%
Francis Ford Coppola Tonight for Sure
1%
Antoine Fuqua Bait
0%
Agnès Varda One Hundred and One Nights
0%
Penny Marshall The Preacher's Wife
0%
No matching quizzes found
Score Distribution
Percent of People with Each Score
Percentile by Number Answered
Your Score History
You have not taken this quiz